BIBLIOTECA PODER JUDICIAL
Portal Judicial TDF

Extinción de la relación por voluntad concurrente de las partes / (Registro nro. 5894)

000 -LEADER
fixed length control field 01299nab a22002417a 4500
003 - CONTROL NUMBER IDENTIFIER
control field OSt
005 - DATE AND TIME OF LATEST TRANSACTION
control field 20260109234821.0
008 - FIXED-LENGTH DATA ELEMENTS--GENERAL INFORMATION
fixed length control field 190605e xxu||||| |||| 00| 0 spa d
040 ## - CATALOGING SOURCE
Transcribing agency PJ
100 ## - MAIN ENTRY--PERSONAL NAME
9 (RLIN) 4419
Personal name Romualdi, Emilio E.
245 10 - TITLE STATEMENT
Title Extinción de la relación por voluntad concurrente de las partes /
Statement of responsibility, etc Emilio Romualdi.
260 ## - PUBLICATION, DISTRIBUTION, ETC. (IMPRINT)
Place of publication, distribution, etc Ciudad Autónoma de Buenos Aires :
Name of publisher, distributor, etc Thomson Reuters La Ley,
Date of publication, distribution, etc 2023.
300 ## - PHYSICAL DESCRIPTION
Extent p. 105-113
500 ## - GENERAL NOTE
General note Cita: TR LALEY AR/DOC/945/2023.<br/><br/>
505 ## - FORMATTED CONTENTS NOTE
Formatted contents note Sumario: I. Prólogo.— II. Acuerdo expreso extintivo del contrato de trabajo.—III. Los criterios jurisprudenciales de validez de estos actos.— IV. Prácticas usuales no contempladas en la normativa.— V. Epílogo.
505 ## - FORMATTED CONTENTS NOTE
Formatted contents note Fallo comentado: CNTrab., sala IV ~ 02/02/2023 ~ Ferrabone, Enrique c. Obra Social del Personal de Dirección de la Industria Cervecera y Maltera y otros.
505 ## - FORMATTED CONTENTS NOTE
Title ¿Te interesa el texto completo? Solicitalo al correo: koha@justierradelfuego.gov.ar
650 #0 - SUBJECT ADDED ENTRY--TOPICAL TERM
9 (RLIN) 1316
Topical term or geographic name as entry element DERECHO LABORAL
650 #0 - SUBJECT ADDED ENTRY--TOPICAL TERM
9 (RLIN) 1803
Topical term or geographic name as entry element RELACIONES LABORALES
650 #0 - SUBJECT ADDED ENTRY--TOPICAL TERM
9 (RLIN) 1486
Topical term or geographic name as entry element EXTINCION DEL CONTRATO DE TRABAJO
773 0# - HOST ITEM ENTRY
Host Biblionumber 2711
Host Itemnumber 3168
Place, publisher, and date of publication Ciudad Autónoma de Buenos Aires : Thomson Reuters La Ley, 1999-2002.
Title Revista de derecho del trabajo. Nº 4 - Julio 2023
942 ## - ADDED ENTRY ELEMENTS (KOHA)
Source of classification or shelving scheme
Koha item type Analítica Artículo de Revista

No hay ítems disponibles.

12 de Octubre 789 Ushuaia - Tel:  54(02901)441571
Horario de Atención: 8.00 a 17.00 hs. 
bibliotecaush@justierradelfuego.gov.ar
koha@justierradelfuego.gov.ar
Seguinos en nuestras redes @bibliojustdf 

Con tecnología Koha